[Event "AUS-ch Major"]
[Site "Cammeray"]
[Date "2018.01.08"]
[Round "7"]
[White "Bullivant, Marc"]
[Black "Ho, Oscar"]
[Result "0-1"]
[WhiteElo "1287"]
[BlackElo "1105"]
[PlyCount "124"]
[EventDate "2018.01.02"]
[EventType "swiss"]
[EventRounds "11"]
[EventCountry "AUS"]
[SourceTitle "CBM 182 Extra"]
[Source "ChessBase"]
[SourceDate "2018.02.23"]
[SourceVersion "1"]
[SourceVersionDate "2018.02.23"]
[SourceQuality "1"]

1. d4 Nf6 2. c4 g6 3. Bg5 Bg7 4. Nc3 0-0 5. e3 d6 6. h3 h6 7. Bxf6 Bxf6 8. Bd3 Bg7 9. Qf3 Nc6 10. Nge2 e5 11. d5 Ne7 12. e4 f5 13. Qe3 f4 14. Qd2 c6 15. f3 b5 16. cxb5 cxd5 17. exd5 Bf5 18. Be4 Qb6 19. Rf1 Rf7 20. Rc1 Raf8 21. Qd3 Qe3 22. Qxe3 fxe3 23. Ng3 Rc8 24. Ke2 Rc5 25. Kxe3 h5 26. Kd3 Nxd5 27. Nxf5 Nb4+ 28. Ke3 gxf5 29. Bd3 Bh6+ 30. Kf2 Nxd3+ 31. Ke2 Nxc1+ 32. Kd1 Rc4 33. Kc2 d5 34. Kb1 Rb7 35. Nxd5 Nd3 36. Nc3 e4 37. fxe4 fxe4 38. Rf6 Bd2 39. Kc2 Bxc3 40. bxc3 Rxb5 41. Ra6 Nb4+ 42. Kb3 Rcc5 43. cxb4 Re5 44. g4 e3 45. a4 Rbd5 46. Rg6+ Kf7 47. gxh5 Rxh5 48. Rg1 Rh6 49. Re1 e2 50. Kc2 Re5 51. b5 Rc5+ 52. Kd3 Re6 53. Rxe2 Rxe2 54. Kxe2 Rc4 55. a5 Rb4 56. b6 a6 57. Kd3 Rb5 58. h4 Rxa5 59. h5 Rb5 60. h6 Kg6 61. h7 Kxh7 62. Kc4 Rxb6 0-1